Czechoslovak economic papers 8

محفوظ في:
التفاصيل البيبلوغرافية
التنسيق: كتاب
اللغة:Undetermined
منشور في: Praha Nakl. Ceskoslovenské akademie ved 1967
الموضوعات:
الوسوم: إضافة وسم
لا توجد وسوم, كن أول من يضع وسما على هذه التسجيلة!
Thư viện lưu trữ: Trung tâm Học liệu Trường Đại học Cần Thơ
LEADER 00478nam a2200169Ia 4500
001 CTU_82229
008 210402s9999 xx 000 0 und d
082 |a 330 
082 |b C998/Vol.8 
245 0 |a Czechoslovak economic papers 8 
245 0 |c Czechoslovak Academy of Sciences 
260 |a Praha 
260 |b Nakl. Ceskoslovenské akademie ved 
260 |c 1967 
650 |a Economics 
904 |i Trọng Hải 
980 |a Trung tâm Học liệu Trường Đại học Cần Thơ